Ganancia mínima presunta (Registro nro. 857)
[ vista simple ]
| 000 -LEADER | |
|---|---|
| fixed length control field | 01127 a2200229 4500 |
| 001 - CONTROL NUMBER | |
| control field | 21711 |
| 005 - DATE AND TIME OF LATEST TRANSACTION | |
| control field | 20260407155508.0 |
| 008 - FIXED-LENGTH DATA ELEMENTS--GENERAL INFORMATION | |
| fixed length control field | 260407a2006 arg spa d |
| 003 - CONTROL NUMBER IDENTIFIER | |
| control field | AR-UNSa-BCEJYS |
| 040 ## - CATALOGING SOURCE | |
| Original cataloging agency | AR-UNSa-BCEJYS |
| Language of cataloging | spa |
| Transcribing agency | AR-UNSa-BCEJYS |
| 080 ## - UNIVERSAL DECIMAL CLASSIFICATION NUMBER | |
| Universal Decimal Classification number | 336.226.1 |
| Common auxiliary subdivision | Impuestos a las ganancias o los beneficios (Impuesto Diferido) |
| 020 ## - INTERNATIONAL STANDARD BOOK NUMBER | |
| International Standard Book Number | 987-01-0461-4 |
| 100 1# - MAIN ENTRY--PERSONAL NAME | |
| Personal name | D´Agostino, Hernán Miguel |
| 245 10 - TITLE STATEMENT | |
| Title | Ganancia mínima presunta |
| 250 ## - EDITION STATEMENT | |
| Edition statement | 6a. ed. |
| 264 #1 - PRODUCTION, PUBLICATION, DISTRIBUTION, MANUFACTURE, AND COPYRIGHT NOTICE | |
| Place of production, publication, distribution, manufacture | Buenos Aires : |
| Name of producer, publisher, distributor, manufacturer | Errepar |
| Date of production, publication, distribution, manufacture, or copyright notice | 2006 |
| 300 ## - PHYSICAL DESCRIPTION | |
| Extent | 176 p. |
| Dimensions | 27 cm. |
| 505 ## - FORMATTED CONTENTS NOTE | |
| Formatted contents note | 1. Principales cambios para el período fiscal 2005 - 2. Datos útiles - 3. Aspectos generales - 4. Valuación - 5. Bienes externos, no computables y no considerados como activos - 6. Determinación e ingreso del impuesto - 7. Ejercicio práctico integral - 8. Consultas frecuentes - 9. Ejercicios de autoevaluación - 10. Cuestiones controvertidas - 11. Práctica de inspección. |
| 590 ## - LOCAL NOTE (RLIN) | |
| Local note | niveau_biblio:m niveau_hierar:0 |
| 856 41 - ELECTRONIC LOCATION AND ACCESS | |
| Uniform Resource Identifier | <a href="https://biblioeco.unsa.edu.ar/pmb/images/libros/Ganancia Minima Presunta.jpg">https://biblioeco.unsa.edu.ar/pmb/images/libros/Ganancia Minima Presunta.jpg</a> |
| Link text | Imagen de portada |
| Electronic format type | image/jpeg |
| 942 ## - ADDED ENTRY ELEMENTS (KOHA) | |
| Koha item type | |
| Withdrawn status | Lost status | Damaged status | Not for loan | Home library | Current library | Shelving location | Date acquired | Total checkouts | Full call number | Barcode | Date last seen | Price effective from | Koha item type |
|---|---|---|---|---|---|---|---|---|---|---|---|---|---|
| Biblioteca Prof. Eusebio Cleto del Rey | Biblioteca Prof. Eusebio Cleto del Rey | 07/04/2026 | P336.226.1 D127 6ed. | L119516 | 07/04/2026 | 07/04/2026 | Libro |